| 000 | 004800000a22001810004500 | ||
|---|---|---|---|
| 020 | _a0-687-42745-2 | ||
| 041 | 0 | _aENG | |
| 082 | 0 | 4 | _aG 268.67 S6421w |
| 100 | 1 | _aSmith, Judy Gattis | |
| 245 | 1 | 0 | _a26 ways to use drama in teaching the bible / Judy Gattis Smith |
| 260 | _aNashville, TN., USA : Abingdon | ||
| 300 | _a96 Pag | ||
| 001 | 8054 | ||
| 942 | _cBK | ||
| 999 |
_c38251 _d38251 |
||
| 336 |
_atexto _btxt _2rdacontent |
||
| 337 |
_2rdamedia _asin mediación _bn |
||
| 338 |
_2rdacarrier _avolumen _bnc |
||